000 00667nam a2200193Ii 4500
003 JO-AjNU
008 230605s9999||||xx |||||||||||||| ||und||
040 _aJO-AjNU
_bara
_erda
_cJO-AjNU
041 _aara
050 1 4 _aHA29.I43
100 3 _aاحمد عبادة سرحان، صلاح الدين طلبه، فاروق عبد العظيم احمد,
_eauthor
_935010
245 0 0 _aالاحصاء
264 3 1 _aالاسكندرية:مؤسسة شباب الجامعة
300 _a426ص
_bجداول احصائية
336 _atext
_btxt
_2rdacontent
337 _aunmediated
_bn
_2rdamedia
338 _avolume
_bnc
_2rdacarrier
650 4 _aالاحصاء
_935011
999 _aA14411
_c17979
_d17979